000 00671nam a2200253Ia 4500
003 OSt
005 20220918212419.0
006 a|||||r|||| 00| 0
007 ta
008 220917b |||||||| |||| 00| 0 eng d
024 _a128,793
037 _cTextual
040 _aARTS
_cARTS
_beng
041 _2eng
_aeng
082 _aX:31.3.N7, L9
100 _aField Frank ed
_9123754
245 0 _aWealth report
260 _aLondon
_bRoutedge and Kegan Paul
_c1979
300 _axi,196p. illus tables
_ccm.
490 _aInequality in society
650 _aECONOMICS
942 _hX:31.3.N7, L9
_cTEXL
_2CC
999 _c251927
_d251927